| 000 | 00363nam a2200145 a 4500 | ||
|---|---|---|---|
| 005 | 20140414093842.0 | ||
| 008 | 081125s19uu xx 00 eng d | ||
| 050 |
_aVCD 642 _bL62 |
||
| 100 | _aLife Skills | ||
| 245 |
_aFood service excellence / _cLife Skills. |
||
| 260 |
_aQuezon City : _bFelta. |
||
| 650 | _aFood service. | ||
| 942 | _cAVM | ||
| 999 |
_c109341 _d109341 |
||